LDR 00686naa#a2200169#i#450# 001 EN\\bibl\116491 005 20260501010747.5 011 ## _a1994-4683 100 ## _a20260429b2026####ek#y0engy0150####ca 102 ## _aRU 200 1# _aReliability of executing the "boomerang" element using a ribbon with backward-upward leg swing in rhythmic gymnastics _eJournal article 210 1# _aMoscow _cNational State University of Physical Education, Sports and Health named after P.F. Lesgaft _d2026 215 ## _a6 с. 608 ## _aJournal article _2local 675 ## _aХудожественная гимнастика. 796.412.2 _z 700 #1 _aMarhakshinova _gViktoriya Nikolaevna 856 4# _auchzapiski.lesgaft.spb.ru _u